Cities on Interstate 6 - Statistics

General Stats
  • This quiz has been taken 10 times
  • The average score is 9 of 11
Answers on the Map
Answers color-coded by a green-red scale on the quiz's map according to % correct below.
 
Answer Stats
State County Answer % Correct
Tenessee Bradley Charleston
100%
South Carolina Charleston Charleston
100%
Oregon Lane Springfield
100%
Minnesota Brown Springfield
100%
Massachusetts Hampden Springfield
100%
Utah Utah Salem
78%
Virginia Salem
78%
Georgia Dougherty Albany
67%
Georgia Dade Trenton
67%
Washington King Des Moines
33%
Oregon Jackson Phoenix
33%
No matching quizzes found
Score Distribution
Percent of People with Each Score
Percentile by Number Answered
Your Score History
You have not taken this quiz